The voyage of The Vega rouns Asia and Europe: With a historical review of previous jorneys along the north coast of the old world. By A. E. Nordenskiöld. Translated by Alexander Leslie. With five steel portraits, numerous maps, and illustrations. In two volumes. Vol. I, Vol. II
Saved in:
| Hovedforfatter: | |
|---|---|
| Format: | Bog |
| Sprog: | engelsk |
| Udgivet: |
Londres
Macmillan and Co.
1881
|
| Udgivelse: | 1a. ed |
| Fag: | |
| Tags: |
Tilføj Tag
Ingen Tags, Vær først til at tagge denne postø!
|
MARC
| LEADER | 00000nam a2200000 a 4500 | ||
|---|---|---|---|
| 001 | UCJ5389 | ||
| 003 | CL-VaPUC | ||
| 008 | 070124e18811008UK |||||||||||||||||eng|d | ||
| 082 | 0 | 4 | |a 910.4 |b NOR |2 21 |
| 100 | |a Nordenskiöld, A. E. |q (Adolf Erik) |e author |9 376594 | ||
| 245 | 1 | 4 | |a The voyage of The Vega rouns Asia and Europe: With a historical review of previous jorneys along the north coast of the old world. By A. E. Nordenskiöld. Translated by Alexander Leslie. With five steel portraits, numerous maps, and illustrations. In two volumes. Vol. I, Vol. II |
| 250 | |a 1a. ed | ||
| 300 | |a 2 v | ||
| 942 | |c BK | ||
| 945 | |d 20070124 00:00:00 |a rinostro | ||
| 260 | |a Londres |b Macmillan and Co. |c 1881 | ||
| 500 | |a Front., v. 1, retrato de Oscar II de Suecia; front., v. 2, retrato del autor. Iconografía, ilustraciones y mapas conforme a lo señalado en índices. Advierte errata | ||
| 600 | 0 | 7 | |a OSCAR II DE SUECIA |2 CL-VaPUC |9 510516 |
| 600 | 0 | 7 | |a SIBIRIAKOFF, A |2 CL-VaPUC |9 510525 |
| 650 | 0 | |a Viajes |9 257115 | |
| 650 | 0 | |a Expediciones científicas |9 265222 | |
| 650 | 0 | |a Descubrimientos geográficos |9 331933 | |
| 650 | 7 | |a FLORA |2 CL-VaPUC |9 264745 | |
| 650 | 7 | |a FAUNA |2 CL-VaPUC |9 349523 | |
| 650 | 0 | |a Etnografía |9 309735 | |
| 650 | 7 | |a ESQUIMALES |2 CL-VaPUC |9 441373 | |
| 650 | 0 | |a Cultura |9 269059 | |
| 650 | 0 | |a Iconografía |9 267998 | |
| 650 | 0 | |a Ilustraciones |9 369481 | |
| 650 | 0 | |a Mapas |9 260844 | |
| 650 | 0 | |a Arquitectura naval |9 261969 | |
| 651 | 7 | |a REGION ARTICA |2 CL-VaPUC |9 366377 | |
| 651 | 7 | |a POLO NORTE |2 CL-VaPUC |9 310897 | |
| 583 | |a last modification |c 20130712 06:20:25 |k Rodrigo Vera | ||
| 999 | |c 321498 |d 321496 | ||
| 952 | |0 0 |1 0 |4 0 |6 910_400000000000000_NOR_1881 |7 0 |8 X |9 400260 |a FDOBUD |b FDOBUD |d 2019-11-22 |h v.1 |i 1034022 |o 910.4 NOR 1881 |p 1034022 |r 2019-11-22 |w 2019-11-22 |y BK_X |k BUD | ||
| 952 | |0 0 |1 0 |4 0 |6 910_400000000000000_NOR_1881 |7 0 |8 X |9 400261 |a FDOBUD |b FDOBUD |d 2019-11-22 |h v.2 |i 1034030 |o 910.4 NOR 1881 |p 1034030 |r 2019-11-22 |w 2019-11-22 |y BK_X |k BUD | ||